Music Quiz

Random Music or Rock Quiz

Visual Missing Word: Song Titles Quiz Stats

Quiz Updated Sep 15, 2017

Challenge
Share
Tweet
Score 0/21 Timer 03:00
2 Plays Today
% Correct
Bottle
97.9%
USA
92.6%
Moon
91.6%
Train
88.3%
Candle
87.5%
Bat
85.9%
Heart
84.6%
Bird
82%
Devil
79.9%
Car
79.3%
Guitar
76.3%
% Correct
Girl
71.4%
Star
65.1%
Monkey
62.9%
Lobster
61.4%
Blood
61.4%
Bicycle
55%
Horse
54.6%
Dog
52.7%
Butterfly
47.4%
Lightning
35.7%

You're not logged in!

Compare scores with friends on all Sporcle quizzes.
Sign Up with Email
OR
Log In

You Might Also Like...

Show Comments

Extras

Top Quizzes Today


Score Distribution

Your Account Isn't Verified!

In order to create a playlist on Sporcle, you need to verify the email address you used during registration. Go to your Sporcle Settings to finish the process.